000 00655nam a22002537a 4500
001 BR2010003428
003 BR-BrBNA
005 20230928103301.0
007 ta
008 230509b bl.||||| |||| 00| 0 por d
040 _aBR-BrBNA
_bpor
_cBiblioteca Nacional de Agricultura
041 _a(Por)
072 _aL70; B50
090 _ L70 BR2010003428
100 1 _aLeal, L.O.P.
245 1 _aHistória da medicina veterinária
260 3 _aRio de Janeiro, RJ (Brasil):
_bCRMV/ RJ,
_c2009.
300 _a163 p.
650 _aVETERINÁRIA
650 _aBIOGRAFIA
650 _aHISTÓRIA
909 _a202309
_bLucia
_c55
_dLucia Elande
942 _cBK
999 _c74436
_d74436